[Event "XXVI Festival Conca della Presolana A"]
[Site "Bratto - Castione della Presolana ITA"]
[Date "2006.08.25"]
[Round "7"]
[White "Tramalloni, Luca"]
[Black "Sbarra, Marco"]
[Result "0-1"]
[WhiteElo "2114"]
[BlackElo "2290"]
[PlyCount "67"]
[EventDate "2006.08.19"]

1. d4 d5 2. c4 e6 3. cxd5 exd5 4. Nc3 c5 5. Nf3 Nc6 6. g3 Nf6 7. Bg2 Be7 8. O-O
O-O 9. Bg5 c4 10. Ne5 Be6 11. Kh1 Ne8 12. Bxe7 Nxe7 13. f4 f6 14. f5 Bc8 15.
Ng4 Bxf5 16. Rxf5 Nxf5 17. Bxd5+ Kh8 18. e4 Nc7 19. Bxc4 Nxd4 20. Ne3 Nce6 21.
Qg4 Qe8 22. Re1 Rc8 23. Bd5 Rc7 24. Nf5 g6 25. Ne3 Re7 26. Ng2 Nc5 27. Qd1 Nc6
28. Ne3 Qc8 29. Nc4 Ne5 30. Nxe5 fxe5 31. Qd2 Qg4 32. Re3 Ne6 33. Kg2 Nf4+ 34.
Kg1 0-1

[Event "XXVI Festival Conca della Presolana A"]
[Site "Bratto - Castione della Presolana ITA"]
[Date "2006.08.25"]
[Round "7"]
[White "Vezzosi, Paolo"]
[Black "Piantoni, Roberto"]
[Result "1-0"]
[WhiteElo "2356"]
[BlackElo "2160"]
[PlyCount "93"]
[EventDate "2006.08.19"]

1. d4 Nf6 2. Nf3 c5 3. d5 b5 4. c4 g6 5. cxb5 a6 6. bxa6 Bxa6 7. Nc3 Bg7 8. h3
d6 9. e4 Bxf1 10. Kxf1 Nbd7 11. Kg1 O-O 12. Kh2 Qa5 13. Re1 Rfb8 14. Re2 Rb7
15. Rc2 Nb6 16. Qe2 Na4 17. Nd2 Qa6 18. Nc4 Rb4 19. Nxa4 Qxa4 20. Bg5 Rab8 21.
a3 Rb3 22. Rd1 h6 23. Bc1 Kh7 24. e5 Nd7 25. f4 Nb6 26. exd6 exd6 27. Nxd6 Qd7
28. Nc4 Nxd5 29. Qe4 Nf6 30. Rxd7 Nxe4 31. Rxf7 Kg8 32. Re7 Ng3 33. Ne5 Rd8 34.
Nf3 Nf5 35. Re4 Nd4 36. Rf2 Nxf3+ 37. Rxf3 Rxf3 38. gxf3 Bxb2 39. Bxb2 Rd2+ 40.
Kg3 Rxb2 41. f5 Ra2 42. fxg6 Rxa3 43. h4 h5 44. Kf4 Kg7 45. Kg5 Rxf3 46. Re7+
Kf8 47. Rc7 1-0

[Event "XXVI Festival Conca della Presolana A"]
[Site "Bratto - Castione della Presolana ITA"]
[Date "2006.08.26"]
[Round "8"]
[White "Astengo, Corrado"]
[Black "Drazic, Sinisa"]
[Result "0-1"]
[WhiteElo "2119"]
[BlackElo "2514"]
[PlyCount "90"]
[EventDate "2006.08.19"]

1. e4 c6 2. d4 d5 3. Nd2 h6 4. Ngf3 dxe4 5. Nxe4 Bf5 6. Ng3 Bh7 7. Bd3 Nf6 8.
Bxh7 Nxh7 9. Qe2 e6 10. Bd2 Nd7 11. O-O-O Be7 12. Rhe1 a5 13. Bf4 O-O 14. Ne4
Ndf6 15. Nxf6+ Nxf6 16. Ne5 a4 17. g4 Nd5 18. Bd2 a3 19. b3 Bg5 20. Kb1 Bxd2
21. Qxd2 Qg5 22. Qd3 b5 23. h4 Qxh4 24. Rh1 Qxf2 25. g5 Qe3 26. gxh6 g6 27.
Qxe3 Nxe3 28. Rd3 Nf5 29. Nxc6 Rac8 30. Na7 Rb8 31. d5 Rb7 32. Nc6 exd5 33.
Rxd5 Kh7 34. Ne5 Ng3 35. Rh3 Nh5 36. Nd7 Re8 37. Rh1 Re2 38. Nf8+ Kxh6 39. Nd7
Kg7 40. Ne5 Re7 41. Nd3 Ng3 42. Rg1 Ne4 43. Kc1 Rc7 44. Nb4 Nc3 45. Rd2 Re4 0-1

[Event "XXVI Festival Conca della Presolana A"]
[Site "Bratto - Castione della Presolana ITA"]
[Date "2006.08.26"]
[Round "8"]
[White "Astengo, Marcello"]
[Black "Andreolini, Mauro"]
[Result "0-1"]
[WhiteElo "2109"]
[BlackElo "2195"]
[PlyCount "48"]
[EventDate "2006.08.19"]

1. d4 Nf6 2. c4 e6 3. Nc3 d5 4. Bg5 Nbd7 5. e3 Be7 6. Bd3 dxc4 7. Bxc4 O-O 8.
Nf3 a6 9. Qe2 b5 10. Bb3 c5 11. Rd1 Qc7 12. O-O Bb7 13. Rfe1 Rac8 14. Bf4 Bd6
15. Bxd6 Qxd6 16. e4 Qf4 17. e5 Ng4 18. d5 Ndxe5 19. Ne4 c4 20. Nd6 Bxd5 21.
Rxd5 exd5 22. Nxc8 Rxc8 23. Bd1 Nxf3+ 24. Qxf3 Qxh2+ 0-1

[Event "XXVI Festival Conca della Presolana A"]
[Site "Bratto - Castione della Presolana ITA"]
[Date "2006.08.26"]
[Round "8"]
[White "Beccaris, Gabriele"]
[Black "Miatello, Alberto"]
[Result "1-0"]
[WhiteElo "2025"]
[BlackElo "2082"]
[PlyCount "85"]
[EventDate "2006.08.19"]

1. e4 c5 2. c3 d5 3. exd5 Nf6 4. d4 Nxd5 5. Nf3 e6 6. Be2 Qc7 7. O-O Be7 8. Na3
Nc6 9. c4 Nf4 10. d5 Nxe2+ 11. Qxe2 Nb4 12. Nb5 Qb8 13. a3 Na6 14. g3 Bd7 15.
Bf4 Qc8 16. Nd6+ Bxd6 17. Bxd6 f6 18. Rfe1 Kf7 19. Rad1 Re8 20. Qd3 Kg8 21. Nd2
e5 22. b4 Bf5 23. Ne4 b6 24. b5 Qd7 25. bxa6 Bxe4 26. Rxe4 Qxd6 27. Rde1 f5 28.
R4e2 g6 29. a4 Re7 30. Qa3 Rb8 31. Rb1 e4 32. Rb5 f4 33. gxf4 Qxf4 34. Qg3 Qc1+
35. Kg2 Rf8 36. d6 Re6 37. d7 Qxc4 38. Rd2 Rd8 39. Qc7 e3 40. Qxd8+ Kf7 41. Qg5
exd2 42. d8=Q Qe4+ 43. Kg3 1-0

[Event "XXVI Festival Conca della Presolana A"]
[Site "Bratto - Castione della Presolana ITA"]
[Date "2006.08.26"]
[Round "8"]
[White "Bentivegna, Francesco"]
[Black "Bruno, Fabio"]
[Result "1/2-1/2"]
[WhiteElo "2269"]
[BlackElo "2388"]
[PlyCount "29"]
[EventDate "2006.08.19"]

1. d4 d5 2. Nc3 Nf6 3. Bg5 Nbd7 4. e3 e6 5. Qf3 c6 6. O-O-O b5 7. Bd3 Qa5 8.
Kb1 b4 9. Nce2 Ne4 10. Bxe4 dxe4 11. Qg3 Ba6 12. Nc1 Bc4 13. f3 h6 14. Bf4 Nf6
15. Nb3 1/2-1/2

[Event "XXVI Festival Conca della Presolana A"]
[Site "Bratto - Castione della Presolana ITA"]
[Date "2006.08.26"]
[Round "8"]
[White "Bonazzi, Edoardo"]
[Black "Lanzani, Mario"]
[Result "0-1"]
[WhiteElo "2151"]
[BlackElo "2331"]
[PlyCount "54"]
[EventDate "2006.08.19"]

1. Nf3 d5 2. c4 e6 3. b3 a5 4. Nc3 d4 5. Nb5 Nc6 6. Bb2 e5 7. g3 Bc5 8. d3 Qe7
9. a3 Nb8 10. a4 Na6 11. Bg2 Nf6 12. O-O O-O 13. Na3 Nb4 14. Nc2 Nxc2 15. Qxc2
c6 16. Bc1 h6 17. Re1 Bf5 18. e3 dxe3 19. Bxe3 Rfe8 20. Bxc5 Qxc5 21. Qb2 Bxd3
22. Rxe5 Rxe5 23. Nxe5 Bf5 24. Rd1 Re8 25. Nf3 Qb4 26. Kf1 Nd7 27. Re1 Bd3+ 0-1

[Event "XXVI Festival Conca della Presolana A"]
[Site "Bratto - Castione della Presolana ITA"]
[Date "2006.08.26"]
[Round "8"]
[White "Brun, Dario"]
[Black "Frilli, Guido"]
[Result "1-0"]
[WhiteElo "2040"]
[BlackElo "2154"]
[PlyCount "109"]
[EventDate "2006.08.19"]

1. d4 Nf6 2. c4 e6 3. Nf3 Bb4+ 4. Bd2 c5 5. a3 Bxd2+ 6. Qxd2 Qc7 7. Nc3 a6 8.
d5 exd5 9. Qe3+ Kf8 10. cxd5 d6 11. g3 Bf5 12. Bg2 Nbd7 13. Qf4 Bg6 14. O-O Re8
15. Rfe1 Be4 16. Ng5 Bxg2 17. Kxg2 Ne5 18. Nf3 h5 19. Rad1 Ng6 20. Qg5 h4 21.
Nxh4 Rxh4 22. gxh4 Re5 23. Qd2 Qd7 24. Kh1 Ng4 25. e4 Qe7 26. f3 Nh6 27. Rg1
Qxh4 28. Rg3 Nf4 29. Rdg1 g5 30. Nd1 f6 31. Ne3 Re7 32. Ng2 Nxg2 33. Qxg2 Rh7
34. Qh3 Nf7 35. Qxh4 Rxh4 36. Rg4 Rxg4 37. Rxg4 Ne5 38. Rg2 Ke7 39. Rf2 Nd3 40.
Rd2 Ne1 41. Rf2 Nd3 42. Rf1 c4 43. a4 b5 44. axb5 axb5 45. h3 b4 46. Rd1 Kd7
47. Kg1 Kc7 48. Rxd3 cxd3 49. Kf2 Kb6 50. Ke3 d2 51. Kxd2 Kc5 52. Kd3 Kb5 53.
f4 Kc5 54. fxg5 fxg5 55. b3 1-0

[Event "XXVI Festival Conca della Presolana A"]
[Site "Bratto - Castione della Presolana ITA"]
[Date "2006.08.26"]
[Round "8"]
[White "Brunello, Sabino"]
[Black "Mola, Pietro"]
[Result "1/2-1/2"]
[WhiteElo "2391"]
[BlackElo "2279"]
[PlyCount "91"]
[EventDate "2006.08.19"]

1. e4 c5 2. Nf3 d6 3. d4 cxd4 4. Nxd4 Nf6 5. Nc3 a6 6. Be3 e6 7. g4 h5 8. gxh5
b5 9. a3 Bb7 10. Bd3 Nbd7 11. Qd2 Rc8 12. f3 Rxh5 13. O-O-O Ne5 14. Nce2 d5 15.
Nf4 Nxd3+ 16. Qxd3 dxe4 17. Qf1 Rd5 18. Nxd5 Qxd5 19. Kb1 exf3 20. Rg1 Qc4 21.
Qxc4 Rxc4 22. b3 Rc8 23. Rdf1 Be4 24. Nxf3 Nd5 25. Bd4 Rxc2 26. Ng5 Bd3 27. Rf3
Bg6 28. Ka1 Rc6 29. Bb2 a5 30. Rh3 Kd7 31. Nf3 Bd6 32. Rh8 b4 33. a4 Nc3 34.
Rg8 Ke7 35. Rxg7 Kf8 36. R7xg6 fxg6 37. Rxg6 Kf7 38. Rg1 e5 39. Re1 Kf6 40. Nd2
Kf5 41. Bxc3 Rxc3 42. Ne4 Rd3 43. Kb2 Be7 44. Kc2 Rf3 45. Re2 Kf4 46. Nd2
1/2-1/2

[Event "XXVI Festival Conca della Presolana A"]
[Site "Bratto - Castione della Presolana ITA"]
[Date "2006.08.26"]
[Round "8"]
[White "Carosso, Andrea"]
[Black "Sala, Sergio"]
[Result "1/2-1/2"]
[WhiteElo "2050"]
[BlackElo "1902"]
[PlyCount "83"]
[EventDate "2006.08.19"]

1. c4 e5 2. Nc3 Nf6 3. Nf3 Nc6 4. g3 Bc5 5. Bg2 O-O 6. O-O Re8 7. d3 a6 8. Bg5
h6 9. Bxf6 Qxf6 10. a3 d6 11. b4 Bd4 12. Nd5 Qd8 13. Rb1 Be6 14. e3 Ba7 15. Nd2
Rb8 16. Qc2 Qd7 17. Rfc1 Ne7 18. a4 c6 19. Nxe7+ Qxe7 20. b5 cxb5 21. axb5 Bc5
22. bxa6 bxa6 23. Ra1 Rb6 24. Rcb1 Reb8 25. Rxb6 Rxb6 26. Nb3 Bb4 27. d4 Qc7
28. d5 Bc8 29. Na5 Bxa5 30. Rxa5 Rb4 31. Ra4 Qb6 32. Ra1 Rb2 33. Qc1 a5 34. Bf1
g6 35. Bd3 Qb3 36. Rxa5 Qxd3 37. Qxb2 Qd1+ 38. Kg2 Bg4 39. Ra8+ Kh7 40. f3
Qxf3+ 41. Kg1 Qd1+ 42. Kg2 1/2-1/2

[Event "XXVI Festival Conca della Presolana A"]
[Site "Bratto - Castione della Presolana ITA"]
[Date "2006.08.26"]
[Round "8"]
[White "Castaldo, Folco"]
[Black "Rombaldoni, Axel"]
[Result "1/2-1/2"]
[WhiteElo "2336"]
[BlackElo "2169"]
[PlyCount "43"]
[EventDate "2006.08.19"]

1. e4 c5 2. Nf3 d6 3. d4 cxd4 4. Nxd4 Nf6 5. Nc3 Bd7 6. f3 e5 7. Nb3 a5 8. a4
Na6 9. Bb5 Nc7 10. Bxd7+ Qxd7 11. Bg5 Be7 12. O-O O-O 13. Qd2 h6 14. Bxf6 Bxf6
15. Rfd1 Rfd8 16. Qe2 Qc6 17. Nd5 Nxd5 18. exd5 Qc7 19. Kh1 Bg5 20. c3 f5 21.
Nd2 Bxd2 22. Rxd2 1/2-1/2

[Event "XXVI Festival Conca della Presolana A"]
[Site "Bratto - Castione della Presolana ITA"]
[Date "2006.08.26"]
[Round "8"]
[White "Ceccarini, Marco"]
[Black "Capece, Adolivio"]
[Result "1/2-1/2"]
[WhiteElo "2140"]
[BlackElo "2041"]
[PlyCount "65"]
[EventDate "2006.08.19"]

1. d4 Nf6 2. Nf3 g6 3. Nbd2 d5 4. e3 Bg7 5. Be2 Nc6 6. O-O O-O 7. b3 Bf5 8. a3
Re8 9. Bb2 Ne4 10. c4 e5 11. cxd5 Qxd5 12. Bc4 Qd8 13. Bb5 exd4 14. Bxc6 bxc6
15. Bxd4 Bxd4 16. Nxd4 c5 17. Nxe4 cxd4 18. Ng3 dxe3 19. Qf3 e2 20. Rfe1 Qd3
21. Nxf5 Qxf3 22. gxf3 gxf5 23. Ra2 Rab8 24. b4 a5 25. bxa5 Ra8 26. Raxe2 Rxe2
27. Rxe2 Rxa5 28. Re3 Kg7 29. Kf1 Kf6 30. Rc3 c5 31. Ke2 Ke5 32. Ke3 f4+ 33.
Kd3 1/2-1/2

[Event "XXVI Festival Conca della Presolana A"]
[Site "Bratto - Castione della Presolana ITA"]
[Date "2006.08.26"]
[Round "8"]
[White "Crippa, Gabriele"]
[Black "Johansson, Alexander"]
[Result "0-1"]
[WhiteElo "2078"]
[BlackElo "1921"]
[PlyCount "66"]
[EventDate "2006.08.19"]

1. d4 Nf6 2. Nf3 e6 3. e3 Be7 4. Bd3 d5 5. Nbd2 O-O 6. O-O Nbd7 7. e4 dxe4 8.
Nxe4 Nxe4 9. Bxe4 Nf6 10. Bd3 c5 11. dxc5 Bxc5 12. Qe2 a6 13. Bg5 Be7 14. Rad1
Qc7 15. Ne5 b5 16. Bxf6 Bxf6 17. Qe4 g6 18. Ng4 Be7 19. Qd4 f6 20. Qe4 Kg7 21.
Be2 Rb8 22. Rd2 Rb6 23. Rfd1 Rd6 24. Bd3 e5 25. Ne3 Rd4 26. Qf3 Rfd8 27. c3 e4
28. cxd4 exf3 29. Be4 Bb7 30. gxf3 Bxe4 31. fxe4 Bb4 32. Re2 Qf4 33. Nd5 Qf3
0-1

[Event "XXVI Festival Conca della Presolana A"]
[Site "Bratto - Castione della Presolana ITA"]
[Date "2006.08.26"]
[Round "8"]
[White "Cugini, Verter"]
[Black "Tramalloni, Luca"]
[Result "1/2-1/2"]
[WhiteElo "2209"]
[BlackElo "2114"]
[PlyCount "146"]
[EventDate "2006.08.19"]

1. e4 e6 2. d4 d5 3. Nd2 Nf6 4. e5 Nfd7 5. Bd3 c5 6. c3 Nc6 7. Ne2 cxd4 8. cxd4
f6 9. Nf4 Nxd4 10. Qh5+ Ke7 11. Ng6+ hxg6 12. exf6+ Nxf6 13. Qxh8 Kf7 14. Qh4
e5 15. Nf3 Nxf3+ 16. gxf3 Qb6 17. Qg5 Bb4+ 18. Ke2 e4 19. fxe4 Bg4+ 20. Kf1
Bh3+ 21. Kg1 Bc5 22. Be3 d4 23. Bf4 Qxb2 24. Rb1 Qc3 25. Qg3 Nh5 26. Qxh3 Nxf4
27. Qd7+ Be7 28. Bf1 b6 29. h4 Qc2 30. Qb5 Qxe4 31. Rh2 Rd8 32. Qc4+ Kf8 33.
Rd1 Bc5 34. Bg2 Qe5 35. Bf3 d3 36. Qe4 Qf6 37. Kf1 Qd6 38. h5 Nxh5 39. Rh4 d2
40. Bxh5 gxh5 41. Rxh5 g6 42. Rh8+ Kg7 43. Rxd8 Qxd8 44. Qf4 Qd3+ 45. Kg1 Qf5
46. Qxf5 gxf5 47. Rxd2 Kf6 48. Kf1 Ke5 49. Ke2 a5 50. a4 Bd4 51. Kd3 Bc5 52.
Ke2 Bd4 53. Rd1 Ke4 54. Rh1 f4 55. f3+ Kd5 56. Kd3 Be3 57. Rh5+ Kc6 58. Kc4 Bc5
59. Rh6+ Bd6 60. Rg6 Kc7 61. Kb5 Bc5 62. Rc6+ Kd7 63. Rxc5 bxc5 64. Kxc5 Ke6
65. Kd4 Kd6 66. Ke4 Kc5 67. Kxf4 Kb4 68. Kg5 Kxa4 69. f4 Kb3 70. f5 a4 71. f6
a3 72. f7 a2 73. f8=Q a1=Q 1/2-1/2

[Event "XXVI Festival Conca della Presolana A"]
[Site "Bratto - Castione della Presolana ITA"]
[Date "2006.08.26"]
[Round "8"]
[White "D'Apa, Matteo"]
[Black "Gazzarri, Alberto"]
[Result "1/2-1/2"]
[WhiteElo "2020"]
[BlackElo "2143"]
[PlyCount "70"]
[EventDate "2006.08.19"]

1. d4 d5 2. c4 c6 3. Nc3 Nf6 4. Nf3 Nbd7 5. Bg5 Qa5 6. Qd2 e6 7. cxd5 exd5 8.
e3 Bb4 9. Bxf6 Nxf6 10. Bd3 Ne4 11. Bxe4 dxe4 12. Ne5 Be6 13. h3 f6 14. Ng4 h5
15. Nh2 Bc4 16. a3 Bd3 17. Rc1 Bxc3 18. Rxc3 Qg5 19. f3 f5 20. f4 Qg6 21. Kf2
O-O 22. Rxd3 exd3 23. Nf3 Qe6 24. Qxd3 Rad8 25. Rc1 Rd5 26. Ne5 Rfd8 27. Qe2
Qh6 28. Qc2 Qf6 29. Qb3 Qh4+ 30. Kf1 Kh7 31. Qxb7 Rb5 32. Qf7 Rxb2 33. Qxf5+
Kg8 34. Qf7+ Kh7 35. Qf5+ Kg8 1/2-1/2

[Event "XXVI Festival Conca della Presolana A"]
[Site "Bratto - Castione della Presolana ITA"]
[Date "2006.08.26"]
[Round "8"]
[White "De Santis, Alessio"]
[Black "Epishin, Vladimir V."]
[Result "1/2-1/2"]
[WhiteElo "2337"]
[BlackElo "2555"]
[PlyCount "58"]
[EventDate "2006.08.19"]

1. d4 Nf6 2. c4 d6 3. Nc3 e5 4. d5 Nbd7 5. e4 Nc5 6. f3 a5 7. Be3 Be7 8. Qd2
O-O 9. O-O-O a4 10. h4 Nfd7 11. g4 c6 12. Nge2 Qa5 13. Nb1 Qxd2+ 14. Nxd2 cxd5
15. cxd5 Nb6 16. Nc3 Bd7 17. Bxc5 dxc5 18. d6 Bd8 19. Nc4 Nxc4 20. Bxc4 Ra5 21.
Nd5 g6 22. h5 Bg5+ 23. Kc2 Kg7 24. Nb6 Rd8 25. hxg6 fxg6 26. Rd5 Bf4 27. Nxd7
Rxd7 28. Rhd1 Kf6 29. Bf1 Kg5 1/2-1/2

[Event "XXVI Festival Conca della Presolana A"]
[Site "Bratto - Castione della Presolana ITA"]
[Date "2006.08.26"]
[Round "8"]
[White "Di Donato, Giovanni"]
[Black "Raselli, Claudio"]
[Result "1/2-1/2"]
[WhiteElo "1951"]
[BlackElo "2034"]
[PlyCount "132"]
[EventDate "2006.08.19"]

1. e4 c5 2. c3 Nf6 3. e5 Nd5 4. d4 cxd4 5. Nf3 Nc6 6. cxd4 e6 7. Bc4 Bb4+ 8.
Bd2 Bxd2+ 9. Nbxd2 d6 10. O-O O-O 11. Ne4 dxe5 12. dxe5 Qe7 13. Qb1 h6 14. Rd1
Rd8 15. g4 Qc7 16. g5 Nxe5 17. Nxe5 Qxe5 18. gxh6 gxh6 19. Rd3 f5 20. Rg3+ Kh7
21. Nd2 b6 22. Nf3 Qf6 23. Qe1 Bb7 24. Rc1 Rac8 25. Bb3 Nf4 26. Rxc8 Rxc8 27.
Qd2 Nd5 28. Rh3 Rg8+ 29. Rg3 Rxg3+ 30. hxg3 Kg7 31. Qc1 Qe7 32. Qe1 Qd6 33. Ne5
Kf6 34. Nf3 e5 35. Qd2 Kg7 36. Nh4 Qd7 37. Nf3 Nf6 38. Qe2 Bxf3 39. Qxf3 Ne4
40. Qe2 Qd2 41. Qf3 Kf6 42. Kg2 h5 43. Bg8 Qg5 44. Qb3 Ke7 45. Qf7+ Kd8 46.
Qd5+ Ke7 47. Qxe5+ Kf8 48. Be6 Nc5 49. Qxf5+ Qxf5 50. Bxf5 Na4 51. b3 Nc3 52.
a4 Kg7 53. Be6 Kf6 54. Bc4 Kg5 55. f4+ Kf5 56. Kf3 a5 57. Bf7 b5 58. Be8 bxa4
59. Bxa4 Kg6 60. Be8+ Kh6 61. Ke3 Nd5+ 62. Kd4 h4 63. gxh4 Nxf4 64. Kc4 Ne2 65.
Kb5 Nd4+ 66. Ka4 Nxb3 1/2-1/2

[Event "XXVI Festival Conca della Presolana A"]
[Site "Bratto - Castione della Presolana ITA"]
[Date "2006.08.26"]
[Round "8"]
[White "Di Fonzo, Valerio"]
[Black "Ferretti, Folco"]
[Result "1/2-1/2"]
[WhiteElo "2202"]
[BlackElo "2254"]
[PlyCount "52"]
[EventDate "2006.08.19"]

1. e4 e5 2. Nf3 d6 3. d4 Qe7 4. Nc3 c6 5. Be2 Nf6 6. dxe5 dxe5 7. O-O Bg4 8.
Be3 Qc7 9. Nd2 Bxe2 10. Qxe2 Nbd7 11. Rfd1 Be7 12. f3 Nc5 13. Qf2 Ne6 14. Ne2
O-O 15. g3 Rfd8 16. Nf1 c5 17. c4 Nd4 18. Nc3 Rd7 19. Rdc1 Rf8 20. Qg2 Qd8 21.
Nd5 Nxd5 22. cxd5 f5 23. Nd2 fxe4 24. fxe4 Bg5 25. Bxd4 cxd4 26. Rf1 Be3+
1/2-1/2

[Event "XXVI Festival Conca della Presolana A"]
[Site "Bratto - Castione della Presolana ITA"]
[Date "2006.08.26"]
[Round "8"]
[White "Djabri, Zafer M."]
[Black "Buratti, Marco"]
[Result "1-0"]
[WhiteElo "2059"]
[BlackElo "2018"]
[PlyCount "91"]
[EventDate "2006.08.19"]

1. c4 e5 2. Nc3 Nf6 3. Nf3 e4 4. Ng5 b5 5. d3 exd3 6. exd3 b4 7. Nce4 Nxe4 8.
Nxe4 d5 9. cxd5 Qxd5 10. Be2 Nc6 11. Bf3 Qd7 12. Qe2 Be7 13. Nc5 Qd6 14. Bf4
Qxc5 15. Rc1 Nd4 16. Qe4 Nc2+ 17. Kd1 Rb8 18. Rxc2 Bf5 19. Rxc5 Bxe4 20. Rxc7
Bxf3+ 21. gxf3 Rd8 22. Kd2 Rd7 23. Rhc1 Bf6 24. R1c4 a5 25. Rc8+ Rd8 26. Rxd8+
Kxd8 27. Bc7+ Kd7 28. Bxa5 Ra8 29. Bxb4 Bxb2 30. Kc2 Be5 31. a3 Bxh2 32. Rh4
Be5 33. Rxh7 Rc8+ 34. Kb3 Rc1 35. Rh5 Ke6 36. a4 Rf1 37. Bc5 Rc1 38. Kb4 g6 39.
Rh4 Rc3 40. d4 Rxf3 41. dxe5 Kxe5 42. a5 g5 43. Rh8 g4 44. a6 Rh3 45. Re8+ Kd5
46. a7 1-0

[Event "XXVI Festival Conca della Presolana A"]
[Site "Bratto - Castione della Presolana ITA"]
[Date "2006.08.26"]
[Round "8"]
[White "Drasko, Milan"]
[Black "Cebalo, Miso"]
[Result "1/2-1/2"]
[WhiteElo "2521"]
[BlackElo "2505"]
[PlyCount "23"]
[EventDate "2006.08.19"]

1. d4 Nf6 2. c4 g6 3. Nf3 Bg7 4. g3 c5 5. d5 b5 6. cxb5 Qa5+ 7. Bd2 Qxb5 8. Nc3
Qb7 9. Bg2 d6 10. O-O Bg4 11. e4 Nbd7 12. Qc2 1/2-1/2

[Event "XXVI Festival Conca della Presolana A"]
[Site "Bratto - Castione della Presolana ITA"]
[Date "2006.08.26"]
[Round "8"]
[White "Gasperoni, Stefano"]
[Black "Gangemi, Salvatore"]
[Result "1/2-1/2"]
[WhiteElo "2009"]
[BlackElo "2077"]
[PlyCount "89"]
[EventDate "2006.08.19"]

1. e4 e6 2. d4 d5 3. Nd2 dxe4 4. Nxe4 Nd7 5. Nf3 Ngf6 6. Bd3 Nxe4 7. Bxe4 Nf6
8. Bd3 c5 9. O-O Qc7 10. c3 cxd4 11. Nxd4 a6 12. Qf3 Be7 13. Re1 O-O 14. Bf4
Bd6 15. Bxd6 Qxd6 16. Rad1 Qc7 17. Bb1 Rd8 18. h3 Rb8 19. Qe2 b6 20. Nf3 Bb7
21. Ne5 Rxd1 22. Rxd1 Rd8 23. Rxd8+ Qxd8 24. Qd3 Qa8 25. Ng4 h5 26. Nxf6+ gxf6
27. Qh7+ Kf8 28. Qh8+ Ke7 29. Qxa8 Bxa8 30. f3 f5 31. Kf2 f4 32. Bd3 a5 33. g3
fxg3+ 34. Kxg3 h4+ 35. Kxh4 Bxf3 36. Kg5 f6+ 37. Kg6 f5 38. h4 Be4 39. Bf1 f4+
40. Kg5 e5 41. h5 Bh7 42. b4 Kd6 43. bxa5 bxa5 44. h6 Kd5 45. Be2 1/2-1/2

[Event "XXVI Festival Conca della Presolana A"]
[Site "Bratto - Castione della Presolana ITA"]
[Date "2006.08.26"]
[Round "8"]
[White "Groszpeter, Attila"]
[Black "Grooten, Herman"]
[Result "1/2-1/2"]
[WhiteElo "2511"]
[BlackElo "2362"]
[PlyCount "89"]
[EventDate "2006.08.19"]

1. e4 c6 2. d4 d5 3. e5 Bf5 4. Nd2 e6 5. Nb3 Nd7 6. Nf3 h6 7. Be2 Ne7 8. O-O
Rc8 9. a4 a6 10. a5 Be4 11. c3 Bxf3 12. Bxf3 Nf5 13. Bg4 g6 14. Bxf5 gxf5 15.
Qh5 Be7 16. Be3 Bg5 17. f4 Be7 18. g4 Rg8 19. h3 Nf8 20. Kh2 Qd7 21. Rae1 Rg6
22. Bf2 c5 23. Nxc5 Bxc5 24. dxc5 Qa4 25. Bd4 Qc2+ 26. Rf2 Qd3 27. Qh4 Nd7 28.
b4 Nb8 29. Re3 Qb1 30. Rg2 Kd7 31. Qe1 Qxe1 32. Rxe1 Rcg8 33. Reg1 Nc6 34. Be3
Ne7 35. g5 h5 36. b5 axb5 37. Rb2 Nc6 38. Rxb5 Kc7 39. Rgb1 Rb8 40. Kg3 Rgg8
41. Kf3 Na7 42. Rb6 Nc6 43. R6b5 Na7 44. Rb6 Nc6 45. Ra1 1/2-1/2

[Event "XXVI Festival Conca della Presolana A"]
[Site "Bratto - Castione della Presolana ITA"]
[Date "2006.08.26"]
[Round "8"]
[White "Guanciale, Orazio"]
[Black "Pegoraro, Nicola"]
[Result "1-0"]
[WhiteElo "2156"]
[BlackElo "2047"]
[PlyCount "79"]
[EventDate "2006.08.19"]

1. d4 f5 2. Nc3 Nf6 3. Bg5 e6 4. e4 fxe4 5. Nxe4 Be7 6. Bxf6 Bxf6 7. Nf3 Nc6 8.
Qd2 d5 9. Nxf6+ Qxf6 10. Bb5 O-O 11. Bxc6 bxc6 12. O-O c5 13. c3 Qe7 14. Rac1
Rb8 15. Rfe1 a5 16. Ne5 Rb6 17. Nd3 c4 18. Nc5 Rf5 19. Re2 Qg5 20. Qxg5 Rxg5
21. f4 Rf5 22. Rf1 Rf6 23. g3 Kf7 24. Rb1 Ke7 25. b4 axb4 26. cxb4 Bd7 27. a4
Be8 28. a5 Rb8 29. f5 Bf7 30. fxe6 Bg6 31. Ra1 Rxb4 32. Nd7 Rxe6 33. Rxe6+ Kxe6
34. a6 c3 35. a7 c2 36. Nc5+ Kd6 37. a8=Q Rb1+ 38. Kg2 c1=Q 39. Qd8+ Kc6 40.
Qd7+ 1-0

[Event "XXVI Festival Conca della Presolana A"]
[Site "Bratto - Castione della Presolana ITA"]
[Date "2006.08.26"]
[Round "8"]
[White "Guido, Flavio"]
[Black "Lapenna, Antonio"]
[Result "1-0"]
[WhiteElo "2323"]
[BlackElo "2079"]
[PlyCount "127"]
[EventDate "2006.08.19"]

1. e4 c5 2. c3 Nf6 3. e5 Nd5 4. d4 cxd4 5. Nf3 e6 6. cxd4 d6 7. Bc4 Nc6 8. O-O
Be7 9. Qe2 O-O 10. Rd1 Na5 11. Bd3 Nb4 12. exd6 Qxd6 13. Be4 f5 14. Bd3 Nxd3
15. Qxd3 Nc6 16. Nc3 Bf6 17. Nb5 Qb8 18. g3 Nb4 19. Qb3 Nd5 20. Nc3 Qd6 21.
Nxd5 Qxd5 22. Qxd5 exd5 23. Bf4 Bd7 24. Rac1 Rac8 25. Re1 Kf7 26. Be5 Bb5 27.
Bxf6 Kxf6 28. Ne5 f4 29. b3 fxg3 30. hxg3 Rfd8 31. f3 h5 32. Kf2 a5 33. Ke3 a4
34. b4 Bc4 35. a3 b5 36. Rh1 Rh8 37. Rh2 Rc7 38. Rch1 g6 39. g4 Rch7 40. Rh4
Bb3 41. g5+ Kxg5 42. Rg1+ Kf6 43. Rxg6+ Ke7 44. Rb6 Bc4 45. Ng6+ Kf7 46. Rf4+
Kg7 47. Nxh8 Rxh8 48. Rff6 Re8+ 49. Rfe6 Rc8 50. Rbc6 Ra8 51. Rc7+ Kg8 52. Rg6+
Kh8 53. Rh6+ Kg8 54. Rxh5 Re8+ 55. Re5 Rd8 56. Ree7 Kh8 57. f4 Ba2 58. f5 Bb1
59. Kf4 Bd3 60. Ke5 Be4 61. Rh7+ Kg8 62. Rcg7+ Kf8 63. Rh8+ Kxg7 64. Rxd8 1-0

[Event "XXVI Festival Conca della Presolana A"]
[Site "Bratto - Castione della Presolana ITA"]
[Date "2006.08.26"]
[Round "8"]
[White "Isonzo, David"]
[Black "Tomba, Ivan"]
[Result "1/2-1/2"]
[WhiteElo "2361"]
[BlackElo "2227"]
[PlyCount "57"]
[EventDate "2006.08.19"]

1. e4 c5 2. Nf3 d6 3. Bb5+ Nd7 4. d4 cxd4 5. Qxd4 e5 6. Qd3 Be7 7. O-O Ngf6 8.
Bg5 O-O 9. Bxd7 Qxd7 10. Nc3 Rd8 11. Nd2 b6 12. Rfd1 Bb7 13. Bxf6 Bxf6 14. Nc4
Qe6 15. Nd5 Rac8 16. Nxf6+ Qxf6 17. Ne3 Qe6 18. a4 g6 19. a5 b5 20. a6 Bc6 21.
c3 Rb8 22. f3 Qc8 23. Nc2 f5 24. Nb4 fxe4 25. fxe4 Ba8 26. Rd2 Qc5+ 27. Kh1 Qc4
28. Qe3 Rd7 29. Re1 1/2-1/2

[Event "XXVI Festival Conca della Presolana A"]
[Site "Bratto - Castione della Presolana ITA"]
[Date "2006.08.26"]
[Round "8"]
[White "Komarov, Dimitri"]
[Black "Shytaj, Luca"]
[Result "1-0"]
[WhiteElo "2530"]
[BlackElo "2433"]
[PlyCount "55"]
[EventDate "2006.08.19"]

1. d4 Nf6 2. Nf3 c5 3. d5 b5 4. Bg5 Qb6 5. Bxf6 Qxf6 6. c3 Na6 7. e4 Rb8 8. a4
b4 9. Bc4 Nc7 10. O-O g5 11. e5 Qf4 12. Nbd2 Bb7 13. Re1 Nxd5 14. Nxg5 Rg8 15.
Nde4 Rxg5 16. Nxg5 Qxc4 17. Re4 Qa6 18. e6 Nf6 19. exf7+ Kd8 20. Ne6+ Kc8 21.
Nxf8 Kc7 22. Nxd7 Nxd7 23. Rxe7 Qc6 24. Qg4 Qd6 25. Re6 h5 26. Qf5 Qd2 27. Re8
bxc3 28. bxc3 1-0